| 000 | 00907 a2200217 4500 | ||
|---|---|---|---|
| 999 |
_c332281 _d332281 |
||
| 003 | NUST | ||
| 005 | 20171122121349.0 | ||
| 008 | 171122b xxu||||| |||| 00| 0 eng d | ||
| 020 | _a9971514133 | ||
| 020 | _a9789971514136 | ||
| 040 | _c0 | ||
| 082 | _a910.02 STR | ||
| 100 | 1 |
_aStrahler, Alan H. _96664 |
|
| 245 | 1 | 0 |
_aPhysical geography : _bscience & systems of the human environment / _cAlan H. Strahler. |
| 250 | _a2nd ed. | ||
| 260 |
_a[S.l.] : _bWiley, _c2001. |
||
| 300 | _a768 p. | ||
| 500 | _aPaperback. | ||
| 700 | 1 |
_aStrahler, Arthur. _96665 |
|
| 856 | 4 | 0 |
_3Amazon.com _uhttp://www.amazon.com/exec/obidos/ASIN/9971514133/chopaconline-20 |
| 856 | 4 | 0 |
_3Amazon customer reviews _uhttp://www.chopac.org/cgi-bin/tools/azrev.pl?q=9971514133 |
| 942 |
_cBK _kIESE _2ddc |
||